000
00322nam a2200133Ia 4500
008
150201s2009 xx 000 0 und d
082
_a
610.7367
_b
M09L
100
_a
LALITHA , K.
245
_a
MANTAL HEALTH & PSYCHIATRIC NURSING
260
_b
CBS
_a
DELHI
_c
2009
300
_a
386
650
_a
PSYCHIATRY
942
_2
ddc
_c
BK
999
_c
1901
_d
1901